2025/26 Premier League Managers and Their Current Clubs - Statistics

General Stats
  • This quiz has been taken 26 times
  • The average score is 15 of 19
Answer Stats
Picture Answer % Correct
Mikel Arteta (Arsenal)
100%
Arne Slot (Liverpool)
95%
Pep Guardiola (Manchester City)
95%
Ruben Amorim (Manchester United)
95%
David Moyes (Everton)
90%
Enzo Maresca (Chelsea)
90%
Unai Emery (Aston Villa)
90%
Keith Andrews (Brentford)
85%
Eddie Howe (Newcastle United)
80%
Andoni Iraola (AFC Bournemouth)
75%
Marco Silva (Fulham)
75%
Oliver Glasner (Crystal Palace)
75%
Regis Le Bris (Sunderland)
75%
Daniel Farke (Leeds United)
70%
Scott Parker (Burnley)
70%
Thomas Frank (Tottenham Hotspur)
70%
Nuno Espirito Santo (West Ham United)
60%
Fabian Hurzeler (Brighton & Hove Albion)
50%
Vitor Pereira (Wolverhampton Wanderers)
50%
No matching quizzes found
Score Distribution
Percent of People with Each Score
Percentile by Number Answered
Your Score History
You have not taken this quiz